Environmental management handbook
Gespeichert in:
| 1. Verfasser: | |
|---|---|
| Format: | Buch |
| Sprache: | Englisch |
| Veröffentlicht: |
Amsterdam
IOS Press
1992
|
| Schlagworte: | |
| Tags: |
Keine Tags, Fügen Sie das erste Tag hinzu!
|
MARC
| LEADER | 00000nam a2200000 4500 | ||
|---|---|---|---|
| 001 | c124417 | ||
| 005 | 20221123102147.4 | ||
| 020 | |a 90-5199-062-6 | ||
| 041 | 0 | |a eng | |
| 044 | |a NL | ||
| 245 | 1 | 0 | |a Environmental management handbook |c written and editet by Sven-Olof Ryding |
| 264 | 1 | |a Amsterdam |b IOS Press |c 1992 | |
| 300 | |a 777 s. | ||
| 610 | 2 | 0 | |a politika environmentálna |
| 610 | 2 | 0 | |a prostredie životné |
| 610 | 2 | 0 | |a riadenie |
| 610 | 2 | 0 | |a ochrana prostredia životného |
| 610 | 2 | 0 | |a ekológia |
| 610 | 2 | 0 | |a sektory hospodárske |
| 100 | 1 | |a Ryding, Sven-Olof | |